000 00731nam a2200253Ia 4500
008 160319s9999 xx 000 0 und d
020 _a9712711544
050 _a959.9059
050 _bD715f 2001
100 _aDoronila, Amando
245 4 _aThe fall of Joseph Estrada :
245 _bthe inside story /
245 _cAmando Doronila.
260 _bAnvil Pub. Inc
260 _c2001
300 _ax, 316 p. : cm.
300 _bcol. ill. ;
300 _c22 cm.
440 _aInquirer books.
500 _a"An Inquirer Books publication"--T.p. verso.
650 _aEstrada, Joseph Ejercito, 1937-
650 _aPhilippines -- Politics and government -- 1986-
650 _aPolitical corruption -- Philippines.
999 _c292272
_d292272